[Event "37 Open Donostia"]
[Site "?"]
[Date "2014.04.12"]
[Round "1.1"]
[White "Di Candia, Roberto"]
[Black "Vazquez Igarza, Renier"]
[Result "0-1"]
[WhiteElo "1850"]
[BlackElo "2591"]
[PlyCount "69"]
[EventDate "2014.??.??"]

1. e4 c5 2. Nc3 e6 3. f4 d5 4. Nf3 dxe4 5. Bb5+ Bd7 6. Bxd7+ Nxd7 7. Nxe4 Be7
8. d3 Nh6 9. O-O Nf5 10. Qe2 Nf6 11. c4 O-O 12. b3 a5 13. Bb2 a4 14. bxa4 Rxa4
15. Nc3 Ra6 16. Nb5 g6 17. Bc3 h5 18. Ne5 Re8 19. Rfe1 Nd4 20. Qb2 Nxb5 21.
cxb5 Ra4 22. Nxg6 fxg6 23. Rxe6 Rxf4 24. Rae1 Kf7 25. Qd2 Rf5 26. Qh6 Bf8 27.
Qe3 Rxe6 28. Qxe6+ Kg7 29. Qc4 Qd7 30. a4 Kh7 31. a5 Nd5 32. Be5 Bh6 33. Qxc5
Bd2 34. Re2 Bxa5 35. Bg3 0-1

[Event "37 Open Donostia"]
[Site "?"]
[Date "2014.04.12"]
[Round "1.2"]
[White "Spraggett, Kevin"]
[Black "Garcia, Serrano Jose M"]
[Result "1-0"]
[WhiteElo "2561"]
[BlackElo "1850"]
[PlyCount "78"]
[EventDate "2014.??.??"]

1. c4 e5 2. Nc3 Nf6 3. Nf3 Nc6 4. g3 d5 5. cxd5 Nxd5 6. Bg2 f6 7. O-O Be6 8. d4
Be7 9. e4 Nxc3 10. bxc3 Bc4 11. Re1 O-O 12. d5 Nb8 13. Nh4 Nd7 14. Bh3 Nc5 15.
Nf5 Kh8 16. Be3 Nd3 17. Bf1 Nb2 18. Qb1 Bxf1 19. Kxf1 Ba3 20. Re2 g6 21. Nh4
Nc4 22. Bh6 Re8 23. Qb3 b5 24. Qxb5 Nb6 25. Be3 Qc8 26. c4 Qh3+ 27. Kg1 Rab8
28. Qb3 Bf8 29. c5 Nd7 30. Qc3 f5 31. exf5 gxf5 32. Rd1 Bg7 33. c6 Nf6 34. Bxa7
Ng4 35. f3 e4 36. Qe1 Ne5 37. Bxb8 exf3 38. Bxc7 fxe2 39. Qxe2 Bf6 1-0

[Event "37 Open Donostia"]
[Site "?"]
[Date "2014.04.12"]
[Round "1.3"]
[White "Mancho Fondevila, Jorge"]
[Black "Alsina Leal, Daniel"]
[Result "0-1"]
[WhiteElo "1846"]
[BlackElo "2546"]
[PlyCount "102"]
[EventDate "2014.??.??"]

1. d4 Nf6 2. Nf3 g6 3. Bf4 Bg7 4. e3 O-O 5. Be2 d6 6. O-O Nbd7 7. h3 b6 8. c4
c5 9. Nc3 cxd4 10. exd4 Bb7 11. Rc1 Rc8 12. b3 d5 13. Re1 dxc4 14. Bxc4 Ne8 15.
Ne5 Nd6 16. Bd3 Nf6 17. Nc4 Nxc4 18. Bxc4 Qd7 19. Be5 Bh6 20. Rc2 Nd5 21. Nxd5
Bxd5 22. Bxd5 Qxd5 23. Rxc8 Rxc8 24. Qd3 e6 25. Re2 Bg7 26. Qf3 Rc1+ 27. Kh2
Qxf3 28. gxf3 Bxe5+ 29. dxe5 g5 30. Kg3 Kg7 31. Rd2 Rg1+ 32. Kh2 Re1 33. Rd7 a5
34. Rb7 Rxe5 35. Rxb6 Re2 36. Rb5 Rxf2+ 37. Kg3 Rxa2 38. Rxg5+ Kf6 39. Rb5 e5
40. Rb6+ Kf5 41. Ra6 Ra3 42. Rb6 f6 43. h4 h5 44. Rb7 Ke6 45. Rh7 Rxb3 46. Rxh5
Rb8 47. Rh7 Ra8 48. Rb7 a4 49. Rb2 a3 50. Ra2 f5 51. h5 Kf6 0-1

[Event "37 Open Donostia"]
[Site "?"]
[Date "2014.04.12"]
[Round "1.4"]
[White "Narciso Dublan, Marc"]
[Black "Darrigues, Alain"]
[Result "1-0"]
[WhiteElo "2527"]
[BlackElo "1842"]
[PlyCount "80"]
[EventDate "2014.??.??"]

1. e4 c5 2. Nc3 Nc6 3. g3 g6 4. Bg2 Bg7 5. d3 d6 6. Be3 e6 7. Qd2 Nge7 8. Bh6
O-O 9. Bxg7 Kxg7 10. f4 f6 11. Nf3 Nd4 12. O-O Nec6 13. Ne1 Bd7 14. Nd1 Qa5 15.
Qxa5 Nxa5 16. c3 Nb5 17. Ne3 Rac8 18. N1c2 a6 19. Nc4 Nxc4 20. dxc4 Nc7 21.
Rfd1 Ne8 22. e5 fxe5 23. fxe5 Bc6 24. exd6 Rd8 25. Bxc6 bxc6 26. Rd2 Rxd6 27.
Rad1 Rxd2 28. Rxd2 Rf7 29. Na1 Nf6 30. Nb3 Nd7 31. Kg2 Ne5 32. Nxc5 Nxc4 33.
Re2 Rf5 34. Nxe6+ Kf6 35. Nd4 Rc5 36. Re6+ Kf7 37. b4 Re5 38. Rxc6 Ne3+ 39. Kg1
a5 40. b5 Nf5 1-0

[Event "37 Open Donostia"]
[Site "?"]
[Date "2014.04.12"]
[Round "1.5"]
[White "Daubas, Bernard"]
[Black "Franco Alonso, Alejandro"]
[Result "0-1"]
[WhiteElo "1842"]
[BlackElo "2508"]
[PlyCount "70"]
[EventDate "2014.??.??"]

1. d4 Nf6 2. Nf3 g6 3. c4 c5 4. d5 b5 5. cxb5 a6 6. e3 Bg7 7. Nc3 O-O 8. Qc2
Bb7 9. bxa6 Nxa6 10. Bc4 Nb4 11. Qd1 e6 12. d6 Ne4 13. Nb5 Qb6 14. O-O Ba6 15.
a4 Bxb5 16. Bxb5 Nxd6 17. Bxd7 Qc7 18. e4 Rfd8 19. Bxe6 fxe6 20. Qb3 Re8 21.
Bf4 Kh8 22. Bxd6 Qxd6 23. Rad1 Qe7 24. Rd2 Nc6 25. e5 Nxe5 26. Nxe5 Bxe5 27.
Re1 Rab8 28. Qa3 Bd4 29. Rde2 Qf6 30. b3 e5 31. Qa2 Qf7 32. Rb1 Rb4 33. a5 Reb8
34. a6 c4 35. a7 Qxa7 0-1

[Event "37 Open Donostia"]
[Site "?"]
[Date "2014.04.12"]
[Round "1.6"]
[White "Pap, Misa"]
[Black "Picazo Gonzalez, Ana"]
[Result "1-0"]
[WhiteElo "2495"]
[BlackElo "1836"]
[PlyCount "35"]
[EventDate "2014.??.??"]

1. e4 e6 2. d4 d5 3. e5 c5 4. c3 Qb6 5. Nf3 Nc6 6. Bd3 cxd4 7. cxd4 Bd7 8. O-O
Nxd4 9. Nbd2 a6 10. Nxd4 Qxd4 11. Nf3 Qb6 12. b4 Rc8 13. Be3 Qd8 14. Ng5 Be7
15. h4 Nh6 16. Qh5 Bb5 17. Nxe6 Qd7 18. Bxb5 1-0

[Event "37 Open Donostia"]
[Site "?"]
[Date "2014.04.12"]
[Round "1.7"]
[White "Elizondo, Marguet Juan Marcos"]
[Black "Tratar, Marko"]
[Result "0-1"]
[WhiteElo "1833"]
[BlackElo "2480"]
[PlyCount "55"]
[EventDate "2014.??.??"]

1. e4 d6 2. d4 g6 3. Nc3 Bg7 4. Bc4 e6 5. Nf3 a6 6. a4 b6 7. Bg5 Ne7 8. Qe2 h6
9. Bh4 Nd7 10. Rd1 g5 11. Bg3 Bb7 12. O-O Ng6 13. e5 g4 14. Ne1 dxe5 15. d5
exd5 16. Nxd5 b5 17. axb5 axb5 18. Bb3 h5 19. f4 h4 20. Bf2 Bxd5 21. Bxd5 Nxf4
22. Qxg4 Nxd5 23. Qxg7 Qf6 24. Qg4 Qe6 25. Qg7 O-O-O 26. Qg5 Nf4 27. Bxh4 f6
28. Qg3 0-1

[Event "37 Open Donostia"]
[Site "?"]
[Date "2014.04.12"]
[Round "1.8"]
[White "Moreno Ruiz, Javier"]
[Black "Aranzabal Minguez, Alex"]
[Result "1-0"]
[WhiteElo "2477"]
[BlackElo "1820"]
[PlyCount "43"]
[EventDate "2014.??.??"]

1. d4 d5 2. c4 e6 3. Nc3 f5 4. Bf4 c6 5. e3 Nf6 6. Nf3 Bd6 7. Bd3 O-O 8. O-O b6
9. Qc2 Ne4 10. Rab1 a5 11. Qb3 Ba6 12. Rfd1 Nd7 13. cxd5 exd5 14. Bxa6 Bxf4 15.
Bb7 Bxh2+ 16. Nxh2 Qh4 17. Nxe4 fxe4 18. Bxc6 Qxf2+ 19. Kh1 Nf6 20. Rf1 Qg3 21.
Bxa8 Rxa8 22. Rxf6 1-0

[Event "37 Open Donostia"]
[Site "?"]
[Date "2014.04.12"]
[Round "1.9"]
[White "Uranga Iparraguirre, Jose Juan"]
[Black "Santos Latasa, Jaime"]
[Result "0-1"]
[WhiteElo "1813"]
[BlackElo "2459"]
[PlyCount "64"]
[EventDate "2014.??.??"]

1. d4 Nf6 2. c4 e6 3. Bg5 Bb4+ 4. Nd2 h6 5. Bxf6 Qxf6 6. e3 O-O 7. Ngf3 c5 8.
a3 Ba5 9. Be2 d6 10. O-O Qe7 11. h3 Nd7 12. Rb1 Bc7 13. d5 e5 14. e4 g6 15. Nh2
Kh8 16. f4 exf4 17. Rxf4 Ne5 18. Ng4 Qg5 19. Rf1 h5 20. Nxe5 Bxh3 21. Nxg6+
fxg6 22. Bf3 Rae8 23. Kh2 Bd7 24. Kg1 Bd8 25. b4 Bf6 26. Nb3 Be5 27. Kf2 Qg3+
28. Ke3 Bf4+ 29. Kd3 Rxe4 30. Kc2 Rxc4+ 31. Kb2 Bf5 32. Rc1 Bxc1+ 0-1

[Event "37 Open Donostia"]
[Site "?"]
[Date "2014.04.12"]
[Round "1.10"]
[White "Cifuentes Parada, Roberto"]
[Black "Berdote Alonso, Carlos"]
[Result "1-0"]
[WhiteElo "2458"]
[BlackElo "1810"]
[PlyCount "49"]
[EventDate "2014.??.??"]

1. d4 d5 2. Nf3 Nf6 3. c4 c6 4. e3 e6 5. Bd3 Bd6 6. O-O Nbd7 7. Nbd2 O-O 8. e4
dxe4 9. Nxe4 Nxe4 10. Bxe4 Nf6 11. Bc2 h6 12. b3 Qa5 13. a3 Qh5 14. Bb2 Nh7 15.
Qd3 Ng5 16. Ne5 f5 17. Rae1 Bxe5 18. Rxe5 Bd7 19. f4 Nf7 20. Re3 Nd6 21. d5 Ne4
22. Qd4 Qf7 23. Bxe4 fxe4 24. Rg3 e5 25. Qxe5 1-0

[Event "37 Open Donostia"]
[Site "?"]
[Date "2014.04.12"]
[Round "1.11"]
[White "Ibanez Rodriguez, Fco Javier"]
[Black "Akesson, Ralf"]
[Result "0-1"]
[WhiteElo "1805"]
[BlackElo "2444"]
[PlyCount "72"]
[EventDate "2014.??.??"]

1. e4 c5 2. c3 d5 3. exd5 Qxd5 4. d4 Nf6 5. Nf3 Bg4 6. Be2 e6 7. O-O Nc6 8. Be3
cxd4 9. cxd4 Be7 10. Nc3 Qd6 11. Qa4 O-O 12. Rfd1 Nb4 13. Rd2 Nbd5 14. Bg5 Rfc8
15. Nb5 Qb4 16. Qd1 Bxf3 17. gxf3 Qa5 18. Bh4 a6 19. Na3 Bxa3 20. bxa3 Qxa3 21.
Rd3 Qa5 22. Bg3 Rc6 23. Kh1 Rac8 24. Rb3 b5 25. Bd3 Qd8 26. Qd2 Nh5 27. Be5 f6
28. Bg3 Nxg3+ 29. hxg3 Rd6 30. Re1 Ne7 31. Re4 Nf5 32. d5 Rxd5 33. Rxe6 Qd7 34.
Rxa6 Nd4 35. Be4 Qh3+ 36. Kg1 Rc1+ 0-1

[Event "37 Open Donostia"]
[Site "?"]
[Date "2014.04.12"]
[Round "1.12"]
[White "Argandona Riveiro, Inigo"]
[Black "Sierra, Carranza Sergio"]
[Result "1-0"]
[WhiteElo "2414"]
[BlackElo "1799"]
[PlyCount "81"]
[EventDate "2014.??.??"]

1. Nf3 c5 2. c4 g6 3. d4 cxd4 4. Nxd4 Bg7 5. e4 Nc6 6. Be3 Nf6 7. Nc3 O-O 8.
Be2 d6 9. O-O Bd7 10. Qd2 Ng4 11. Bxg4 Bxg4 12. f3 Bd7 13. Rfd1 Ne5 14. b3 Bc6
15. Rac1 Re8 16. h3 Nd7 17. b4 Nf6 18. Qf2 Qc7 19. Ndb5 Bxb5 20. Nxb5 Qd7 21.
Bxa7 Qc6 22. Be3 Ra4 23. a3 Nd7 24. Rc2 Ne5 25. Qe2 Rc8 26. Na7 Rxa7 27. Bxa7
Qa4 28. Bf2 Qxa3 29. c5 Qb3 30. Rcc1 Qxb4 31. cxd6 Rxc1 32. Rxc1 Qxd6 33. Rc8+
Bf8 34. Qb2 f6 35. Qxb7 Qd1+ 36. Kh2 Nxf3+ 37. gxf3 Qxf3 38. Qd5+ Kg7 39. Rc2
Qa3 40. e5 Kh8 41. Qf7 1-0

[Event "37 Open Donostia"]
[Site "?"]
[Date "2014.04.12"]
[Round "1.13"]
[White "Ostolazaga, Barragan Eneko"]
[Black "Etchegaray, Patrice"]
[Result "0-1"]
[WhiteElo "1798"]
[BlackElo "2404"]
[PlyCount "22"]
[EventDate "2014.??.??"]

1. Nf3 Nf6 2. c4 g6 3. b4 Bg7 4. Bb2 O-O 5. g3 d6 6. Bg2 e5 7. O-O c6 8. d3 Re8
9. Nbd2 Nh5 10. a4 e4 11. Nd4 c5 0-1

[Event "37 Open Donostia"]
[Site "?"]
[Date "2014.04.12"]
[Round "1.14"]
[White "Suarez Garcia, Carlos"]
[Black "Salas Martin, Javier"]
[Result "1-0"]
[WhiteElo "2376"]
[BlackElo "1787"]
[PlyCount "37"]
[EventDate "2014.??.??"]

1. d4 d5 2. c4 c6 3. Nf3 Nf6 4. e3 e6 5. Nc3 a6 6. Qc2 Nbd7 7. Bd2 g6 8. e4
Nxe4 9. Nxe4 dxe4 10. Qxe4 Bg7 11. O-O-O O-O 12. h4 Qb6 13. h5 e5 14. hxg6 fxg6
15. c5 Nxc5 16. dxc5 Qxc5+ 17. Qc4+ Qxc4+ 18. Bxc4+ Kh8 19. Rxh7+ 1-0

[Event "37 Open Donostia"]
[Site "?"]
[Date "2014.04.12"]
[Round "1.15"]
[White "Barrio Ugidos, Ainhoa"]
[Black "Thomassen, Joachim"]
[Result "0-1"]
[WhiteElo "1782"]
[BlackElo "2371"]
[PlyCount "78"]
[EventDate "2014.??.??"]

1. e4 c5 2. Nf3 d6 3. Bb5+ Nd7 4. d4 cxd4 5. Nxd4 Ngf6 6. Nc3 a6 7. Bxd7+ Bxd7
8. O-O b5 9. Re1 e6 10. a3 Qb6 11. Be3 Qb7 12. Qf3 Rb8 13. h3 Be7 14. Red1 O-O
15. Bg5 h6 16. Bh4 a5 17. Nb3 Qc7 18. Rd2 b4 19. axb4 axb4 20. Nd1 Bc6 21. Bxf6
Bxf6 22. Nd4 Ba8 23. Qd3 Rfd8 24. Ne3 Qc5 25. Nb3 Qc6 26. f3 Bxb2 27. Ra6 Rb6
28. Rxb6 Qxb6 29. Kh1 Bc3 30. Rd1 Bb7 31. Nc4 Qc7 32. Nca5 Ba8 33. Qa6 d5 34.
exd5 Bxd5 35. Qe2 Ra8 36. Qb5 Qg3 37. Nd4 Bxd4 38. Rxd4 Qe1+ 39. Kh2 Qe5+ 0-1

[Event "37 Open Donostia"]
[Site "?"]
[Date "2014.04.12"]
[Round "1.16"]
[White "Aguado Zabaleta, Felix"]
[Black "Estremera Panos, Sergio"]
[Result "1/2-1/2"]
[WhiteElo "1771"]
[BlackElo "2353"]
[PlyCount "26"]
[EventDate "2014.??.??"]

1. d4 Nf6 2. c4 e6 3. Bg5 c5 4. Bxf6 Qxf6 5. e3 Nc6 6. Nf3 cxd4 7. exd4 g5 8.
Nc3 g4 9. d5 gxf3 10. dxc6 Qe5+ 11. Kd2 fxg2 12. cxd7+ Bxd7 13. Bxg2 Qg5+
1/2-1/2

[Event "37 Open Donostia"]
[Site "?"]
[Date "2014.04.12"]
[Round "2.1"]
[White "Vazquez Igarza, Renier"]
[Black "Spiesberger, Gerhard"]
[Result "1-0"]
[WhiteElo "2591"]
[BlackElo "2114"]
[PlyCount "45"]
[EventDate "2014.??.??"]

1. Nf3 e6 2. c4 f5 3. g3 Nf6 4. Bg2 Be7 5. O-O O-O 6. b3 d6 7. d4 Qe8 8. Nc3
Nbd7 9. a4 e5 10. Ng5 Bd8 11. a5 h6 12. Nf3 c6 13. dxe5 dxe5 14. Ba3 Be7 15.
Bxe7 Qxe7 16. Nh4 Qb4 17. Na2 Qxa5 18. Nxf5 e4 19. Ne7+ Kf7 20. Nxc8 Raxc8 21.
Bxe4 Nxe4 22. Qxd7+ Kg6 23. Qg4+ 1-0

[Event "37 Open Donostia"]
[Site "?"]
[Date "2014.04.12"]
[Round "2.2"]
[White "Mazet, Julien"]
[Black "Spraggett, Kevin"]
[Result "1/2-1/2"]
[WhiteElo "2098"]
[BlackElo "2561"]
[PlyCount "75"]
[EventDate "2014.??.??"]

1. d4 Nf6 2. Nf3 e6 3. c4 c5 4. e3 a6 5. Nc3 d5 6. cxd5 exd5 7. dxc5 Bxc5 8.
Be2 Nc6 9. O-O O-O 10. a3 Ba7 11. b4 Be6 12. Bb2 Qe7 13. b5 axb5 14. Nxb5 Bc5
15. a4 Ne4 16. Nfd4 Rac8 17. Bf3 Bd7 18. Nb3 Bb4 19. Qxd5 Ng5 20. Qd1 Rfd8 21.
N3d4 Ne5 22. Be2 Ne4 23. Ba3 Bxa3 24. Nxa3 Nc3 25. Qd2 Bxa4 26. Qb2 Be8 27. Bb5
Nxb5 28. Naxb5 Rc5 29. h3 g6 30. Nc3 Nc4 31. Qb4 Rdc8 32. Nd5 Qd6 33. Nf4 Qf6
34. Qxb7 Nd6 35. Qf3 Nc4 36. Nd3 Qxf3 37. Nxf3 R5c7 38. Nd4 1/2-1/2

[Event "37 Open Donostia"]
[Site "?"]
[Date "2014.04.12"]
[Round "2.3"]
[White "Alsina Leal, Daniel"]
[Black "Nohr, Finn"]
[Result "1-0"]
[WhiteElo "2546"]
[BlackElo "2093"]
[PlyCount "83"]
[EventDate "2014.??.??"]

1. d4 Nf6 2. c4 c5 3. d5 b5 4. cxb5 a6 5. bxa6 g6 6. Nc3 Bxa6 7. Nf3 Bg7 8. e4
Bxf1 9. Kxf1 d6 10. g3 O-O 11. Kg2 Nbd7 12. a4 Ng4 13. Qe2 Bxc3 14. bxc3 Qa5
15. Bg5 f6 16. Bd2 Qa6 17. Qxa6 Rxa6 18. a5 Nge5 19. Nxe5 Nxe5 20. Ra4 Rb8 21.
c4 Rb3 22. f4 Nd7 23. Ra2 Kf7 24. Re1 Ra7 25. Re2 Nb8 26. e5 f5 27. exd6 exd6
28. Be1 Na6 29. Rab2 Rab7 30. Rxb3 Rxb3 31. Re6 Rb2+ 32. Kf1 Nb4 33. Bxb4 Rxb4
34. Rxd6 Ke7 35. Rc6 Rxc4 36. Ke2 Kd7 37. a6 Ra4 38. Kd3 Rd4+ 39. Kc3 Rxd5 40.
a7 Kxc6 41. a8=Q+ Kd6 42. Qg8 1-0

[Event "37 Open Donostia"]
[Site "?"]
[Date "2014.04.12"]
[Round "2.4"]
[White "Pedrajas, Estepa Manuel"]
[Black "Narciso Dublan, Marc"]
[Result "0-1"]
[WhiteElo "2055"]
[BlackElo "2527"]
[PlyCount "104"]
[EventDate "2014.??.??"]

1. e4 d6 2. d4 Nf6 3. Nc3 g6 4. Be3 a6 5. f3 b5 6. Qd2 Nbd7 7. Bh6 Bxh6 8. Qxh6
c5 9. dxc5 dxc5 10. O-O-O Qa5 11. Kb1 Bb7 12. Qe3 e6 13. g4 b4 14. Nce2 O-O-O
15. g5 Ne5 16. Rxd8+ Rxd8 17. Nc1 Nfd7 18. f4 Nc6 19. Nf3 Nd4 20. Nxd4 cxd4 21.
Qxd4 Qc5 22. Qc4 Qxc4 23. Bxc4 Nc5 24. Bd3 Nxe4 25. Re1 Nd2+ 26. Ka1 Nf3 27.
Re3 e5 28. fxe5 Nxg5 29. b3 a5 30. Kb2 Rd4 31. a3 bxa3+ 32. Kxa3 Rh4 33. Re2
Kd8 34. Bc4 Bc6 35. Nd3 Ke7 36. Nc5 Nf3 37. e6 f6 38. Nd7 Rxh2 39. Rxh2 Nxh2
40. c3 g5 41. b4 axb4+ 42. cxb4 Bxd7 43. exd7 g4 44. Be6 g3 45. Bh3 Ng4 46. b5
Ne5 47. Kb4 Nxd7 48. Ka5 f5 49. b6 Kd6 50. Kb5 Nxb6 51. Kxb6 Kd5 52. Bg2+ Kd4
0-1

[Event "37 Open Donostia"]
[Site "?"]
[Date "2014.04.12"]
[Round "2.5"]
[White "Franco Alonso, Alejandro"]
[Black "Thomassen, Thomas"]
[Result "1-0"]
[WhiteElo "2508"]
[BlackElo "2062"]
[PlyCount "33"]
[EventDate "2014.??.??"]

1. Nf3 Nf6 2. c4 g6 3. Nc3 Bg7 4. e4 d6 5. d4 O-O 6. h3 Na6 7. Bg5 h6 8. Be3 e5
9. d5 Nc5 10. Nd2 a5 11. a3 Bd7 12. b4 axb4 13. axb4 Rxa1 14. Qxa1 Na6 15. Qa3
Qe7 16. c5 Nb8 17. Qa7 1-0

[Event "37 Open Donostia"]
[Site "?"]
[Date "2014.04.12"]
[Round "2.6"]
[White "Ribera Cebolla, Marc"]
[Black "Pap, Misa"]
[Result "0-1"]
[WhiteElo "2045"]
[BlackElo "2495"]
[PlyCount "73"]
[EventDate "2014.??.??"]

1. e4 c5 2. Nf3 g6 3. d4 Bg7 4. dxc5 Qa5+ 5. c3 Qxc5 6. Na3 d6 7. Nb5 a6 8. Be3
Qc6 9. Na7 Qc7 10. Nxc8 Qxc8 11. Qd2 Nd7 12. Nd4 Ngf6 13. f3 Qc7 14. c4 Rc8 15.
Be2 h5 16. O-O h4 17. Rfc1 Nh5 18. Bf1 Be5 19. f4 Nxf4 20. Nb5 Qb8 21. Bxf4
axb5 22. cxb5 O-O 23. Kh1 Qa7 24. Bxe5 Nxe5 25. Be2 Rxc1+ 26. Rxc1 Qxa2 27. h3
Ra8 28. Kh2 Kg7 29. Rf1 Qb3 30. Qf4 Qxb2 31. Bc4 Rc8 32. Rf2 Qa1 33. Rf1 Qa4
34. Be2 Qa2 35. Bd1 Qc4 36. Rf2 Nd3 37. Kg1 0-1

[Event "37 Open Donostia"]
[Site "?"]
[Date "2014.04.12"]
[Round "2.7"]
[White "Tratar, Marko"]
[Black "Gacogne, Charlie"]
[Result "1-0"]
[WhiteElo "2480"]
[BlackElo "2048"]
[PlyCount "69"]
[EventDate "2014.??.??"]

1. d4 d6 2. Nf3 Nf6 3. c4 Bf5 4. Nc3 g6 5. Nh4 Bd7 6. e4 e5 7. Nf3 Nc6 8. d5
Ne7 9. c5 Bg7 10. Qb3 Qb8 11. cxd6 cxd6 12. a4 O-O 13. Nd2 Rc8 14. Nc4 Ne8 15.
Be2 h5 16. Be3 Kh7 17. f3 Bh6 18. Bf2 Ng8 19. a5 Ngf6 20. Qb4 Qc7 21. Bd3 Kg7
22. Ra3 Rd8 23. Rb3 Bc8 24. Nb5 Qb8 25. Nxa7 Rxa7 26. Qb6 Bh3 27. gxh3 Ra8 28.
Qxb7 Qxb7 29. Rxb7 Nd7 30. b4 Rab8 31. a6 Rxb7 32. axb7 Nb8 33. Na5 Nc7 34. Nc6
Re8 35. Ba7 1-0

[Event "37 Open Donostia"]
[Site "?"]
[Date "2014.04.12"]
[Round "2.8"]
[White "Miguelez, Garcia Erlantz"]
[Black "Moreno Ruiz, Javier"]
[Result "0-1"]
[WhiteElo "2025"]
[BlackElo "2477"]
[PlyCount "54"]
[EventDate "2014.??.??"]

1. c4 e6 2. d4 Nf6 3. Nf3 d5 4. g3 dxc4 5. Bg2 a6 6. Qc2 b5 7. O-O Bb7 8. a4
Nc6 9. Rd1 Nb4 10. Qd2 Ne4 11. Qf4 Bd6 12. Qg4 O-O 13. Nc3 f5 14. Qh5 Nf6 15.
Qh4 Qe8 16. Bd2 h6 17. Be1 Nc2 18. Rac1 Nxe1 19. Nxe1 Bxg2 20. Nxg2 c5 21. Ne3
Rd8 22. d5 f4 23. Ng4 Nxd5 24. Nxd5 exd5 25. Rxd5 Be7 26. Rxd8 Bxd8 27. Qh3 h5
0-1

[Event "37 Open Donostia"]
[Site "?"]
[Date "2014.04.12"]
[Round "2.9"]
[White "Santos Latasa, Jaime"]
[Black "Manelidou, Maria"]
[Result "1/2-1/2"]
[WhiteElo "2459"]
[BlackElo "2048"]
[PlyCount "121"]
[EventDate "2014.??.??"]

1. Nf3 d5 2. d4 c6 3. g3 Nf6 4. Bg2 Bf5 5. O-O e6 6. c4 dxc4 7. Ne5 b5 8. Nxc6
Qb6 9. Ne5 Be4 10. Bxe4 Nxe4 11. a4 f6 12. Nf3 b4 13. Nbd2 Nxd2 14. Bxd2 Nc6
15. Qc2 Na5 16. Qe4 Rd8 17. Be3 Qd6 18. Bf4 Qd5 19. Qxd5 Rxd5 20. Rfd1 Nb3 21.
Rab1 g5 22. Be3 Be7 23. Nd2 Nxd2 24. Rxd2 Kd7 25. Rc2 Rc8 26. Rbc1 Ra5 27. Rxc4
Rxc4 28. Rxc4 Rxa4 29. Kf1 Kd6 30. Ke1 Kd5 31. Rc7 Bd6 32. Rxh7 Ra2 33. Bc1
Kxd4 34. Rd7 Kd5 35. h4 Kc6 36. Rd8 gxh4 37. gxh4 Ra5 38. Rh8 Rf5 39. h5 a5 40.
h6 Rh5 41. Kd1 b3 42. e4 Rh1+ 43. Ke2 Kd7 44. Bd2 Be5 45. h7 Bxb2 46. Rb8 a4
47. h8=Q Rxh8 48. Rxh8 a3 49. Ra8 a2 50. Kd3 a1=Q 51. Rxa1 Bxa1 52. Bb4 Be5 53.
Ba3 Kc6 54. f4 Ba1 55. Be7 Kb5 56. Bf8 b2 57. Kc2 Kc4 58. e5 f5 59. Kb1 Kd3 60.
Bh6 Ke4 61. Bg5 1/2-1/2

[Event "37 Open Donostia"]
[Site "?"]
[Date "2014.04.12"]
[Round "2.10"]
[White "Ballester, De Miguel Miguel A"]
[Black "Cifuentes Parada, Roberto"]
[Result "0-1"]
[WhiteElo "2009"]
[BlackElo "2458"]
[PlyCount "32"]
[EventDate "2014.??.??"]

1. e4 c5 2. Nf3 e6 3. d4 cxd4 4. Nxd4 Nf6 5. Nc3 Bb4 6. Qd3 Nc6 7. Bf4 d5 8.
Nxc6 bxc6 9. O-O-O Qa5 10. exd5 exd5 11. f3 O-O 12. Kb1 Be6 13. Ne2 d4 14. Nc1
Nd5 15. Bd2 c5 16. Qa6 Bxd2 0-1

[Event "37 Open Donostia"]
[Site "?"]
[Date "2014.04.12"]
[Round "2.11"]
[White "Akesson, Ralf"]
[Black "Fruehauf, Norbert"]
[Result "1-0"]
[WhiteElo "2444"]
[BlackElo "2044"]
[PlyCount "45"]
[EventDate "2014.??.??"]

1. d4 Nf6 2. c4 e6 3. g3 Bb4+ 4. Nd2 O-O 5. Bg2 Nc6 6. Ngf3 d6 7. O-O Bxd2 8.
Qxd2 h6 9. b4 Qe7 10. b5 Nb8 11. a4 c5 12. bxc6 Nxc6 13. Ba3 Rd8 14. Rac1 Bd7
15. d5 exd5 16. cxd5 Ne4 17. Qe3 Na5 18. Nd2 f5 19. Bb4 b6 20. Rc7 Qe8 21. Nxe4
fxe4 22. Bxd6 Bxa4 23. Qd4 1-0

[Event "37 Open Donostia"]
[Site "?"]
[Date "2014.04.12"]
[Round "2.12"]
[White "Picazo Gonzalez, Alejandro"]
[Black "Argandona Riveiro, Inigo"]
[Result "0-1"]
[WhiteElo "1997"]
[BlackElo "2414"]
[PlyCount "86"]
[EventDate "2014.??.??"]

1. e4 g6 2. d4 Bg7 3. Nf3 d6 4. Bd3 e5 5. c3 Nc6 6. d5 Nce7 7. c4 f5 8. Nc3 Nf6
9. b4 a5 10. Qb3 axb4 11. Qxb4 b6 12. a4 O-O 13. O-O h6 14. Ra2 f4 15. a5 bxa5
16. Qa3 g5 17. c5 Ng6 18. cxd6 cxd6 19. Qa4 g4 20. Ne1 Bd7 21. Bb5 g3 22. hxg3
fxg3 23. fxg3 Qb6+ 24. Kh1 Bxb5 25. Qxb5 Qxb5 26. Nxb5 Nxe4 27. Rxf8+ Bxf8 28.
Kh2 Nf6 29. Ba3 Ra6 30. Nc7 Ra7 31. Nb5 Rd7 32. Nc3 Ne7 33. Rd2 Nf5 34. Nf3 Rb7
35. Rb2 Rxb2 36. Bxb2 Ne3 37. Nd2 Nexd5 38. Nxd5 Nxd5 39. Nc4 a4 40. Ba3 Nc3
41. Nxd6 Nb1 42. Bc5 a3 43. Ne4 a2 0-1

[Event "37 Open Donostia"]
[Site "?"]
[Date "2014.04.12"]
[Round "2.13"]
[White "Etchegaray, Patrice"]
[Black "Uriarte Prieto, Goyo"]
[Result "1-0"]
[WhiteElo "2404"]
[BlackElo "2017"]
[PlyCount "37"]
[EventDate "2014.??.??"]

1. e4 e6 2. d4 d5 3. Nd2 Nf6 4. e5 Nfd7 5. Bd3 c5 6. c3 Nc6 7. Ngf3 cxd4 8.
cxd4 f6 9. exf6 Nxf6 10. O-O Bd6 11. b3 O-O 12. Bb2 Bd7 13. Ne5 Qb6 14. Ndf3
Nb4 15. Bb1 Be8 16. Ng5 Be7 17. a3 Na6 18. Qd3 Bb5 19. Qxh7+ 1-0

[Event "37 Open Donostia"]
[Site "?"]
[Date "2014.04.12"]
[Round "2.14"]
[White "Fosser, Gaspar"]
[Black "Suarez Garcia, Carlos"]
[Result "0-1"]
[WhiteElo "1979"]
[BlackElo "2376"]
[PlyCount "129"]
[EventDate "2014.??.??"]

1. d4 d6 2. Nf3 g6 3. Bf4 Bg7 4. e3 Nd7 5. c3 e5 6. Bg3 Qe7 7. Be2 Nh6 8. Na3
O-O 9. O-O f5 10. Bh4 Bf6 11. Bxf6 Nxf6 12. dxe5 dxe5 13. Qb3+ Kg7 14. Qb4 c5
15. Qb3 Nf7 16. Rfd1 g5 17. Bc4 g4 18. Ne1 Ng5 19. Bd5 Rb8 20. c4 e4 21. Qc3
Kh6 22. Nac2 Nh5 23. b4 f4 24. exf4 Nxf4 25. Qe3 b6 26. bxc5 bxc5 27. Nd3 Nxd3
28. Rxd3 Rxf2 29. Qxf2 exd3 30. Ne3 Qg7 31. Rd1 Rb2 32. Qh4+ Kg6 33. Rxd3 Rb1+
34. Nd1 Bf5 35. Rd2 Qe7 36. Qg3 Bc2 37. h4 gxh3 38. gxh3 Bxd1 39. Qd3+ Kh6 40.
Rxd1 Rxd1+ 41. Qxd1 Qe3+ 42. Kh2 Qxh3+ 43. Kg1 Qe3+ 44. Kh2 Qf2+ 45. Kh1 Qxa2
46. Qf1 Kg7 47. Qf5 Qa1+ 48. Kh2 Qb2+ 49. Kg3 Qf6 50. Qd7+ Kg6 51. Qxa7 Qd6+
52. Kg2 h5 53. Qa8 Qe7 54. Qc6+ Kg7 55. Kf2 h4 56. Qc8 h3 57. Qg4 Qf6+ 58. Kg3
Qe5+ 59. Kh4 Kf6 60. Qc8 Qf4+ 61. Kh5 Kg7 62. Qd7+ Nf7 63. Qxh3 Qe4 64. Qc8 Ng5
65. Qg8+ {Qf4} 0-1

[Event "37 Open Donostia"]
[Site "?"]
[Date "2014.04.12"]
[Round "2.15"]
[White "Thomassen, Joachim"]
[Black "Ofstad, Sigurd"]
[Result "0-1"]
[WhiteElo "2371"]
[BlackElo "2005"]
[PlyCount "70"]
[EventDate "2014.??.??"]

1. d4 f5 2. c4 Nf6 3. Nc3 d6 4. Bg5 Nbd7 5. Qc2 g6 6. O-O-O Bg7 7. h4 O-O 8. e3
c6 9. Be2 h6 10. Bxf6 Nxf6 11. Nh3 Qe8 12. d5 cxd5 13. cxd5 Bd7 14. Kb1 Rc8 15.
Qd2 b5 16. Bf3 a5 17. Ne2 a4 18. Nd4 a3 19. b3 Ng4 20. Nf4 Qf7 21. Rhe1 g5 22.
hxg5 hxg5 23. Nfe6 Bxe6 24. dxe6 Qf6 25. Re2 Ne5 26. Qb4 g4 27. Bd5 Rc5 28. e4
fxe4 29. Bxe4 Ng6 30. g3 Ne5 31. Qxa3 Nf3 32. Bxf3 gxf3 33. Red2 Rfc8 34. Qa7
Qg6+ 35. Kb2 b4 0-1

[Event "37 Open Donostia"]
[Site "?"]
[Date "2014.04.12"]
[Round "2.16"]
[White "Linder, Oliver"]
[Black "Bergez, Luc"]
[Result "0-1"]
[WhiteElo "1949"]
[BlackElo "2368"]
[PlyCount "30"]
[EventDate "2014.??.??"]

1. d4 Nf6 2. Nf3 g6 3. Bf4 Bg7 4. e3 d6 5. Be2 Nh5 6. Bg5 h6 7. Bh4 g5 8. Nfd2
gxh4 9. Bxh5 e5 10. c3 Qg5 11. Qf3 O-O 12. Na3 Nd7 13. Bg4 exd4 14. Ne4 Qe7 15.
Bxd7 Bxd7 0-1